| 000 | 00690cam a2200229 4500 | ||
|---|---|---|---|
| 008 | 000000n2000 000 0 eng u | ||
| 020 | _a0471385026 | ||
| 035 | _a(Sirsi) u110890 | ||
| 050 | _a974.8802 | ||
| 100 | _aDanson, Edwin | ||
| 245 | _aDrawing the line - how Mason and Dixon surveyed the most famous border in America. | ||
| 260 |
_aNew York, USA _bJohn Wiley & Sons _c2000 |
||
| 300 | _avii, 232p. ; ill. ; 30cm. | ||
| 350 | _a£17.95 | ||
| 650 | _aHISTORY OF SURVEYING | ||
| 650 | _aSURVEYORS | ||
| 650 | _aUNITED STATES OF AMERICA | ||
| 650 | _aHISTORY | ||
| 650 | _aLAND SURVEYING | ||
| 690 | _aMANAGEMENT-BUSINESS MANAGEMENT-PROFESSIONAL PRACTICE | ||
| 942 | _n0 | ||
| 999 |
_c101154 _d101154 |
||